| Tag |
First Indicator |
Second Indicator |
Subfields |
| LEADER |
00000cam a22000004a 4500 |
| 001 |
in00002541237 |
| 005 |
20151113142133.0 |
| 008 |
090326s2010 enka b 001 0 eng |
| 010 |
|
|
|a 2009013068
|
| 015 |
|
|
|a GBA999488
|2 bnb
|
| 016 |
7 |
|
|a 015391263
|2 Uk
|
| 020 |
|
|
|a 9780521868334 (hardback)
|
| 020 |
|
|
|a 0521868335 (hardback)
|
| 020 |
|
|
|a 9780521687898 (pbk.)
|
| 020 |
|
|
|a 0521687896 (pbk.)
|
| 035 |
|
|
|a (OCoLC)ocn317574169
|
| 035 |
|
|
|a (OCoLC)317574169
|
| 040 |
|
|
|a DLC
|c DLC
|d YDX
|d UKM
|d YDXCP
|d BWX
|d UtOrBLW
|
| 049 |
|
|
|a TXAM
|
| 050 |
0 |
0 |
|a JF1525.P6
|b S66 2010
|
| 082 |
0 |
0 |
|a 320.6
|2 22
|
| 100 |
1 |
|
|a Soroka, Stuart Neil,
|d 1970-
|
| 245 |
1 |
0 |
|a Degrees of democracy :
|b politics, public opinion, and policy /
|c Stuart N. Soroka, Christopher Wlezien.
|
| 264 |
|
1 |
|a Cambridge ;
|a New York :
|b Cambridge University Press,
|c 2010.
|
| 300 |
|
|
|a x, 241 pages :
|b illustrations ;
|c 24 cm.
|
| 336 |
|
|
|a text
|b txt
|2 rdacontent
|
| 337 |
|
|
|a unmediated
|b n
|2 rdamedia
|
| 338 |
|
|
|a volume
|b nc
|2 rdacarrier
|
| 504 |
|
|
|a Includes bibliographical references and index.
|
| 650 |
|
0 |
|a Political planning.
|
| 650 |
|
0 |
|a Policy sciences.
|
| 650 |
|
0 |
|a Public opinion.
|
| 650 |
|
0 |
|a Representative government and representation.
|
| 700 |
1 |
|
|a Wlezien, Christopher.
|
| 938 |
|
|
|a YBP Library Services
|b YANK
|n 3097944
|
| 938 |
|
|
|a Blackwell Book Service
|b BBUS
|n R7823190
|c $25.99
|
| 945 |
|
|
|a PromptCat
|b 882381
|
| 946 |
|
|
|a stk
|
| 947 |
|
|
|a A14840041700
|
| 994 |
|
|
|a 92
|b TXA
|
| 948 |
|
|
|a cataloged
|b h
|d 2010/1/21
|h c
|e asalazar
|f 2:44:19 pm
|
| 999 |
|
|
|a MARS
|
| 999 |
f |
f |
|s 7282deef-a567-39ea-a058-f4a525845c8e
|i 76a9c3d0-ef2b-379d-a503-5302242fcdd6
|t 0
|
| 952 |
f |
f |
|p normal
|a Texas A&M University
|b College Station
|c Sterling C. Evans Library
|d Evans: Library Stacks
|t 0
|e JF1525.P6 S66 2010
|h Library of Congress classification
|i unmediated -- volume
|m A14840041700
|
| 998 |
f |
f |
|a JF1525.P6 S66 2010
|t 0
|l Evans: Library Stacks
|